Zníženie emisií nesmieme ignorovať
Po prvýkrát sa od všetkých krajín EÚ vyžaduje, aby znížili svoje emisie skleníkových plynov o 10 až 50 percent a to do roku 2030. V prípade Slovenska je to o 22,7 percent.
Saved in:
| Main Author: | |
|---|---|
| Format: | Book Chapter |
| Language: | Slovak |
| Subjects: | |
| Tags: |
No Tags, Be the first to tag this record!
|
MARC
| LEADER | 00000naa a2200000 4500 | ||
|---|---|---|---|
| 001 | 0295138 | ||
| 005 | 20240417075240.6 | ||
| 041 | 0 | |a slo | |
| 044 | |a SK | ||
| 245 | 1 | 0 | |a Zníženie emisií nesmieme ignorovať |c Gabriela Alenová |
| 520 | |a Po prvýkrát sa od všetkých krajín EÚ vyžaduje, aby znížili svoje emisie skleníkových plynov o 10 až 50 percent a to do roku 2030. V prípade Slovenska je to o 22,7 percent. | ||
| 610 | 2 | 0 | |a emisie |
| 610 | 2 | 0 | |a opatrenia |
| 610 | 2 | 0 | |a ochrana prostredia životného |
| 610 | 2 | 0 | |a zmeny klimatické |
| 610 | 2 | 0 | |a teplárenstvo |
| 100 | 1 | |a Alenová, Gabriela | |